000 00405nam a2200181Ia 4500
008 140626s9999 xx 000 0 und d
100 _a .
245 _aHR News /
260 _cc2012.
300 _a57 : 9, page 11
440 _aHR Magazine
521 _aBSBA
650 _aErgonomics guide.
650 _aFMLA guide.
650 _aTeleworkers.
650 _aWellness incentive.
942 _cSE
999 _c121082
_d121082